[Event "Ogolnopolski Integracyjny Turniej Szacho"]
[Site "Osrodek "]
[Date "2012.??.??"]
[Round "6.3"]
[White "Wojcieszyn, Jacenty"]
[Black "Relidzynski, Tadeusz"]
[Result "1-0"]
[WhiteElo "2240"]
[BlackElo "1913"]
[PlyCount "61"]
[EventDate "2012.??.??"]

1. d4 Nf6 2. c4 e6 3. Nf3 c5 4. d5 exd5 5. cxd5 d6 6. Nc3 g6 7. Bg5 Bg7 8. e3
O-O 9. Nd2 a6 10. a4 Qc7 11. Be2 Re8 12. O-O Nbd7 13. h3 h6 14. Bh4 Nb6 15. e4
Bd7 16. Bg3 Rad8 17. a5 Nc8 18. f4 Nh7 19. Bd3 Na7 20. Qb3 Bd4+ 21. Kh1 Bxc3
22. bxc3 Bb5 23. c4 Bd7 24. e5 Bc8 25. Qb6 Qb8 26. f5 Nf8 27. fxg6 Nxg6 28.
exd6 Bd7 29. Ne4 Kg7 30. Qb2+ Kf8 31. Qf6 1-0

[Event "Ogolnopolski Integracyjny Turniej Szacho"]
[Site "Osrodek "]
[Date "2012.??.??"]
[Round "6.4"]
[White "Krawcewicz, Lucyna"]
[Black "Staruch, Roman"]
[Result "1-0"]
[WhiteElo "1948"]
[BlackElo "1957"]
[PlyCount "88"]
[EventDate "2012.??.??"]

1. d4 Nf6 2. c4 e6 3. Nf3 Be7 4. Nc3 d5 5. e3 O-O 6. Bd3 dxc4 7. Bxc4 c5 8. O-O
cxd4 9. exd4 Qc7 10. Qe2 Nc6 11. h3 Bd7 12. a3 Rac8 13. d5 exd5 14. Bxd5 Bc5
15. Bg5 Nxd5 16. Nxd5 Qb8 17. Bf4 Bd6 18. Bxd6 Qxd6 19. Rfd1 Rcd8 20. Qe4 Qg6
21. Qh4 Be6 22. Ne5 Qc2 23. Nxc6 bxc6 24. Ne7+ Kh8 25. Rxd8 Rxd8 26. Ng6+ fxg6
27. Qxd8+ Bg8 28. Qd4 Bd5 29. Re1 h5 30. Re7 Qc1+ 31. Kh2 Qh6 32. Rxa7 g5 33.
Ra8+ Kh7 34. Qd3+ g6 35. Ra7+ Kg8 36. Ra8+ Kf7 37. Qe3 h4 38. Qe8+ Kf6 39. Qf8+
Qxf8 40. Rxf8+ Ke5 41. b4 Kd4 42. a4 Kc4 43. Rb8 c5 44. bxc5 Kxc5 1-0

[Event "Ogolnopolski Integracyjny Turniej Szacho"]
[Site "Osrodek "]
[Date "2012.??.??"]
[Round "6.5"]
[White "Pioch, Zygmunt"]
[Black "Wojcieszyn, Zdzislaw"]
[Result "1/2-1/2"]
[WhiteElo "2120"]
[BlackElo "1958"]
[PlyCount "67"]
[EventDate "2012.??.??"]

1. e4 c5 2. Nf3 e6 3. d4 cxd4 4. Nxd4 Nf6 5. Bd3 Nc6 6. Be3 e5 7. Nxc6 dxc6 8.
h3 Be6 9. O-O Be7 10. Nd2 Qc7 11. Qe2 O-O 12. a4 a5 13. Kh1 Bd6 14. Bg5 Be7 15.
Be3 Bd6 16. Qf3 Rfd8 17. Nc4 Bxc4 18. Bxc4 Rab8 19. Ba7 Ra8 20. Be3 Rab8 21.
Bb3 b5 22. Rfd1 Be7 23. g4 Rxd1+ 24. Rxd1 bxa4 25. Bxa4 Rb4 26. b3 Nxe4 27. Qf5
Nf6 28. c3 Rb7 29. c4 g6 30. Qf3 e4 31. Qf4 Qc8 32. Kg2 Qe6 33. Qg5 h6 34. Qxa5
1/2-1/2

[Event "Ogolnopolski Integracyjny Turniej Szacho"]
[Site "Osrodek "]
[Date "2012.??.??"]
[Round "6.7"]
[White "Strojek, Kazimierz"]
[Black "Kowalczyk, Lucjan"]
[Result "1-0"]
[WhiteElo "1737"]
[BlackElo "2103"]
[PlyCount "20"]
[EventDate "2012.??.??"]

1. e4 c5 2. Nc3 Nc6 3. g3 g6 4. Bg2 Bg7 5. d3 Rb8 6. Be3 d6 7. Qd2 b5 8. f4 b4
9. Nd1 e5 10. f5 10... Qb6 {(...23)} 1-0

[Event "Ogolnopolski Integracyjny Turniej Szacho"]
[Site "Osrodek "]
[Date "2012.??.??"]
[Round "6.8"]
[White "Szczepaniec, Stanislaw"]
[Black "Kubin, Aleksander"]
[Result "1-0"]
[WhiteElo "2052"]
[BlackElo "1891"]
[PlyCount "89"]
[EventDate "2012.??.??"]

1. c4 f5 2. Nf3 e6 3. Nc3 Nf6 4. d4 d5 5. Bf4 Nbd7 6. Nb5 Bb4+ 7. Nd2 Ne4 8.
Nxc7+ Qxc7 9. Bxc7 Bxd2+ 10. Qxd2 Nxd2 11. Kxd2 dxc4 12. e3 b5 13. a4 Ba6 14.
axb5 Bxb5 15. b3 c3+ 16. Kxc3 Bxf1 17. Rhxf1 O-O 18. Kd3 Rfc8 19. Rfc1 Nf6 20.
Rc5 Ne4 21. Rc4 Nxf2+ 22. Ke2 Ne4 23. Be5 Rxc4 24. bxc4 g5 25. Ra6 Kf7 26. c5
Nc3+ 27. Kd2 Nd5 28. Ra4 Ke7 29. h3 h5 30. g4 fxg4 31. hxg4 h4 32. e4 Nf6 33.
Bxf6+ Kxf6 34. Ke3 a5 35. Kf3 Ra6 36. d5 exd5 37. exd5 Ke7 38. Ke4 Rf6 39. Rxa5
Rf4+ 40. Ke5 Rxg4 41. Ra7+ Kf8 42. c6 h3 43. c7 Rc4 44. Ra8+ Kg7 45. c8=Q 1-0

[Event "Ogolnopolski Integracyjny Turniej Szacho"]
[Site "Osrodek "]
[Date "2012.??.??"]
[Round "6.9"]
[White "Rogalski, Krzysztof"]
[Black "Borowski, Jaroslaw"]
[Result "1-0"]
[WhiteElo "1854"]
[BlackElo "1977"]
[PlyCount "49"]
[EventDate "2012.??.??"]

1. d4 Nf6 2. c4 g6 3. Nc3 d6 4. e4 Bg7 5. Be2 O-O 6. Bg5 c5 7. d5 a6 8. a4 Qa5
9. Qd2 Bd7 10. Ra3 Qb4 11. h3 h6 12. Be3 e6 13. Nf3 Kh7 14. O-O exd5 15. exd5
Bf5 16. Qd1 Qxb2 17. Rb3 Qc2 18. Qxc2 Bxc2 19. Rxb7 Nfd7 20. Rc1 Bxc3 21. Rxc2
Bf6 22. Bf4 Ne5 23. Nxe5 Bxe5 24. Bxe5 dxe5 25. Rcb2 1-0

[Event "Ogolnopolski Integracyjny Turniej Szacho"]
[Site "Osrodek "]
[Date "2012.??.??"]
[Round "6.10"]
[White "Dembowski, Andrzej"]
[Black "Miozga, Tomasz"]
[Result "0-1"]
[WhiteElo "1911"]
[BlackElo "1863"]
[PlyCount "68"]
[EventDate "2012.??.??"]

1. d4 e6 2. Nf3 Nf6 3. c4 d5 4. e3 Be7 5. Nc3 O-O 6. Bd3 c5 7. cxd5 cxd4 8.
Nxd4 Nxd5 9. Bd2 e5 10. Nb3 Nb4 11. Be2 Nd3+ 12. Bxd3 Qxd3 13. Qb1 Qxb1+ 14.
Rxb1 Be6 15. Nc1 Rd8 16. e4 Nc6 17. Be3 Nd4 18. O-O Nc2 19. N1e2 Nxe3 20. fxe3
Bc5 21. Rf3 Rd3 22. Kf2 Rad8 23. h3 Rd2 24. b4 Be7 25. a3 Rc2 26. Kg1 Rdd2 27.
Rc1 Bc4 28. Rxc2 Rxc2 29. Kf2 Bxe2 30. Nxe2 Ra2 31. Ke1 Ra1+ 32. Kd2 Rxa3 33.
b5 Ra5 34. Ng3 Rxb5 0-1

[Event "Ogolnopolski Integracyjny Turniej Szacho"]
[Site "Osrodek "]
[Date "2012.??.??"]
[Round "6.11"]
[White "Jasinska-kuzia, Lidia"]
[Black "Zinczuk, Leon"]
[Result "0-1"]
[WhiteElo "1670"]
[BlackElo "1907"]
[PlyCount "50"]
[EventDate "2012.??.??"]

1. e4 c5 2. Nf3 Nc6 3. d4 cxd4 4. Nxd4 g6 5. Be3 Bg7 6. Nc3 Nf6 7. a3 O-O 8.
Be2 d6 9. O-O a6 10. f4 Qb6 11. Qd2 Nxe4 12. Nxe4 Bxd4 13. Bxd4 Qxd4+ 14. Qxd4
Nxd4 15. Bd3 Bd7 16. Nd2 Bf5 17. Bxf5 Nxf5 18. c3 Rac8 19. Rae1 Rfe8 20. Re4 d5
21. Rd4 e6 22. Re1 Red8 23. g4 Nd6 24. f5 gxf5 25. gxf5 Nxf5 0-1

[Event "Ogolnopolski Integracyjny Turniej Szacho"]
[Site "Osrodek "]
[Date "2012.??.??"]
[Round "6.12"]
[White "Karolak, Jan"]
[Black "Szydlowski, Wiktor"]
[Result "1/2-1/2"]
[WhiteElo "1906"]
[BlackElo "1835"]
[PlyCount "26"]
[EventDate "2012.??.??"]

1. Nf3 Nf6 2. g3 g6 3. Bg2 Bg7 4. c3 d5 5. d4 O-O 6. Nbd2 c6 7. O-O Nbd7 8. Qc2
Nb6 9. e4 dxe4 10. Nxe4 Nxe4 11. Qxe4 Bf5 12. Qf4 Qd6 13. Qxd6 exd6 1/2-1/2

[Event "Ogolnopolski Integracyjny Turniej Szacho"]
[Site "Osrodek "]
[Date "2012.??.??"]
[Round "6.13"]
[White "Zatylny, Jan"]
[Black "Wodas, Pawel"]
[Result "0-1"]
[WhiteElo "1614"]
[BlackElo "1898"]
[PlyCount "24"]
[EventDate "2012.??.??"]

1. d4 Nf6 2. c4 g6 3. g3 Bg7 4. Bg2 O-O 5. Nc3 d6 6. Nf3 Nc6 7. e4 e5 8. d5 Na5
9. Qe2 c5 10. Be3 a6 11. Qd2 Nxc4 12. Bh6 Nxd2 0-1

[Event "Ogolnopolski Integracyjny Turniej Szacho"]
[Site "Osrodek "]
[Date "2012.??.??"]
[Round "6.14"]
[White "Niecko, Stanislaw"]
[Black "Salamon, Jan"]
[Result "1/2-1/2"]
[WhiteElo "1828"]
[BlackElo "1802"]
[PlyCount "49"]
[EventDate "2012.??.??"]

1. c4 c5 2. Nf3 Nf6 3. d4 cxd4 4. Nxd4 Nc6 5. Nc3 a6 6. g3 g6 7. Bg2 Bg7 8. O-O
O-O 9. Nc2 Ne5 10. b3 d6 11. Bb2 Rb8 12. Ne3 b5 13. c5 dxc5 14. Nxb5 Qxd1 15.
Rfxd1 Neg4 16. Nxg4 Nxg4 17. Bxg7 Kxg7 18. Nc7 c4 19. bxc4 Rb2 20. Bf1 Ne5 21.
c5 Bg4 22. Nxa6 Bxe2 23. Bxe2 Rxe2 24. Nb4 Rc8 25. Rac1 1/2-1/2

[Event "Ogolnopolski Integracyjny Turniej Szacho"]
[Site "Osrodek "]
[Date "2012.??.??"]
[Round "6.15"]
[White "Winiarski, Kazimierz"]
[Black "Chmielowski, Stefan"]
[Result "1-0"]
[WhiteElo "1941"]
[BlackElo "1677"]
[PlyCount "29"]
[EventDate "2012.??.??"]

1. e4 e5 2. Nf3 f6 3. Nxe5 fxe5 4. Qh5+ g6 5. Qxe5+ Qe7 6. Qxh8 Nf6 7. d3 d6 8.
Bh6 Nbd7 9. Nc3 c6 10. O-O-O b5 11. e5 dxe5 12. Ne4 Ng4 13. Bxf8 Nxf8 14. h3
Nxf2 15. Nxf2 1-0

[Event "Ogolnopolski Integracyjny Turniej Szacho"]
[Site "Osrodek "]
[Date "2012.??.??"]
[Round "6.16"]
[White "Janocha, Jan"]
[Black "Kurz, Krzysztof"]
[Result "1/2-1/2"]
[WhiteElo "1832"]
[BlackElo "1640"]
[PlyCount "50"]
[EventDate "2012.??.??"]

1. e4 c5 2. Nf3 d6 3. Bc4 Nc6 4. O-O Nf6 5. Re1 e6 6. c3 a6 7. d4 b5 8. Bb3 c4
9. Bc2 Be7 10. Bf4 Nh5 11. Be3 Bb7 12. d5 exd5 13. exd5 Nb8 14. Nd4 Nf6 15. Nf5
O-O 16. Bg5 Re8 17. Bxf6 Bxf6 18. Rxe8+ Qxe8 19. Nxd6 Qd7 20. Nxb7 Qxb7 21. Qh5
g6 22. Qf3 Nd7 23. Nd2 Re8 24. h3 Bg7 25. Ne4 Qxd5 1/2-1/2

[Event "Ogolnopolski Integracyjny Turniej Szacho"]
[Site "Osrodek "]
[Date "2012.??.??"]
[Round "6.17"]
[White "Przybylowicz, Kazimierz"]
[Black "Olszewski, Jerzy"]
[Result "1/2-1/2"]
[WhiteElo "1732"]
[BlackElo "1806"]
[PlyCount "58"]
[EventDate "2012.??.??"]

1. e4 e5 2. Nf3 Nc6 3. Bb5 a6 4. Ba4 Bc5 5. c3 d6 6. d4 exd4 7. cxd4 Bb4+ 8.
Nc3 Bd7 9. O-O Nge7 10. Bg5 Bxc3 11. bxc3 O-O 12. Bc2 h6 13. Bh4 Qe8 14. Re1
Bg4 15. h3 Bh5 16. g4 Bg6 17. Bg3 Qc8 18. Nh4 Bh7 19. f4 Kh8 20. Kh2 Ng6 21.
Nf3 f6 22. f5 Nge7 23. e5 dxe5 24. dxe5 fxe5 25. Nxe5 Bg8 26. Bb3 Nxe5 27. Bxe5
Nc6 28. Bxg8 Nxe5 29. Rxe5 Kxg8 1/2-1/2

[Event "Ogolnopolski Integracyjny Turniej Szacho"]
[Site "Osrodek "]
[Date "2012.??.??"]
[Round "6.18"]
[White "Jurkiewicz, Kazimierz"]
[Black "Zieba, Teofil"]
[Result "1/2-1/2"]
[WhiteElo "1468"]
[BlackElo "1772"]
[PlyCount "74"]
[EventDate "2012.??.??"]

1. d4 Nf6 2. Nf3 g6 3. c3 Bg7 4. Bf4 d6 5. h3 O-O 6. e3 c5 7. dxc5 dxc5 8. Qxd8
Rxd8 9. Be2 b6 10. O-O Bb7 11. Nh2 Rd7 12. Bf3 Bxf3 13. Nxf3 Nc6 14. Nbd2 Rad8
15. Nb3 Ne4 16. Rae1 f6 17. c4 e5 18. Bh2 a5 19. a4 Nb4 20. Re2 Kf7 21. g4 h6
22. Kg2 g5 23. Bg3 Ke6 24. h4 Kf7 25. h5 Ke6 26. Kh2 Rd3 27. Nbd2 Nxd2 28. Rxd2
Rxd2 29. Nxd2 Rxd2 30. b3 Bf8 31. e4 Nc2 32. Kg1 Nd4 33. Kg2 Nc2 34. Kf3 Nd4+
35. Ke3 Rc2 36. Kd3 Rb2 37. Kc3 Rb1 1/2-1/2

[Event "Ogolnopolski Integracyjny Turniej Szacho"]
[Site "Osrodek "]
[Date "2012.??.??"]
[Round "6.20"]
[White "Dulinski, Stanislaw"]
[Black "Panczuk, Boleslaw"]
[Result "1-0"]
[WhiteElo "1851"]
[BlackElo "1406"]
[PlyCount "48"]
[EventDate "2012.??.??"]

1. e4 c5 2. Bc4 d6 3. Nc3 a6 4. a3 Nf6 5. d3 e6 6. Bg5 Be7 7. Ba2 Bd7 8. f4 O-O
9. Nh3 Nc6 10. O-O Qc7 11. Ne2 b5 12. c3 Na5 13. Ng3 Rfe8 14. Qe2 Rac8 15. Rac1
c4 16. d4 Nb3 17. Rce1 Kh8 18. Qd1 Na5 19. Bb1 Ng8 20. e5 f6 21. Bh4 f5 22.
Bxe7 Nxe7 23. Ng5 Kg8 24. Qh5 h6 1-0

[Event "Ogolnopolski Integracyjny Turniej Szacho"]
[Site "Osrodek "]
[Date "2012.??.??"]
[Round "6.21"]
[White "Barnowski, Sylwester"]
[Black "Budnik, Kazimierz"]
[Result "1-0"]
[WhiteElo "1831"]
[BlackElo "1423"]
[PlyCount "93"]
[EventDate "2012.??.??"]

1. d4 d5 2. c4 Nf6 3. Nc3 c6 4. Bg5 h6 5. Bxf6 exf6 6. cxd5 cxd5 7. e3 Bb4 8.
Qb3 Bxc3+ 9. Qxc3 O-O 10. Bd3 Nc6 11. Ne2 Ne7 12. O-O a6 13. Qd2 b5 14. Nf4 Qd6
15. Be2 Ng6 16. Nxg6 fxg6 17. Rfc1 f5 18. g3 h5 19. Rc5 Be6 20. Rac1 Rac8 21.
Qb4 Qe7 22. Bf3 Rcd8 23. Qa5 h4 24. Qc7 Rd7 25. Qe5 hxg3 26. hxg3 Qf7 27. Rc8
Rxc8 28. Rxc8+ Kh7 29. g4 g5 30. gxf5 Qxf5 31. Qh2+ Kg6 32. Qh5+ Kf6 33. Rf8+
Rf7 34. Rxf7+ Bxf7 35. Qg4 Qb1+ 36. Kg2 Qxb2 37. Qd7 Qxa2 38. Qd6+ Kf5 39. e4+
dxe4 40. Qe5+ Kg6 41. Bxe4+ Kh6 42. Qh2+ Bh5 43. Qd6+ g6 44. Bd5 Bf3+ 45. Kxf3
Qd2 46. Qf8+ Kh7 47. Qg8+ 1-0

[Event "Ogolnopolski Integracyjny Turniej Szacho"]
[Site "Osrodek "]
[Date "2012.??.??"]
[Round "6.22"]
[White "Krzystala, Henryk"]
[Black "Prokopczuk, Antoni"]
[Result "0-1"]
[WhiteElo "1621"]
[BlackElo "1748"]
[PlyCount "61"]
[EventDate "2012.??.??"]

1. Nf3 Nf6 2. g3 d5 3. d4 h6 4. Bg2 e6 5. O-O Be7 6. Nc3 c6 7. a3 Nbd7 8. Re1
O-O 9. e4 dxe4 10. Nxe4 Nxe4 11. Rxe4 Nf6 12. Re1 Nh7 13. c3 Qb6 14. Qc2 Nf6
15. Ne5 a5 16. Nc4 Qa6 17. Bf1 b5 18. Ne5 Bb7 19. a4 Qb6 20. Bg2 Rac8 21. Be3
Qc7 22. Qe2 bxa4 23. Rxa4 Nd5 24. Bc1 c5 25. Qd1 cxd4 26. Rc4 Qd8 27. Rxc8 Qxc8
28. Qxd4 Bf6 29. Bxd5 exd5 30. Qg4 Qxg4 31. Nxg4 0-1

[Event "Ogolnopolski Integracyjny Turniej Szacho"]
[Site "Osrodek "]
[Date "2012.??.??"]
[Round "6.23"]
[White "Debowski, Stanislaw"]
[Black "Radwan, Jan"]
[Result "0-1"]
[WhiteElo "1741"]
[BlackElo "1618"]
[PlyCount "39"]
[EventDate "2012.??.??"]

1. d4 Nf6 2. e3 b6 3. f4 Bb7 4. Nf3 Ne4 5. Bd3 e6 6. O-O Be7 7. Nbd2 d5 8. Ne5
O-O 9. Qh5 c5 10. c3 Nd7 11. g4 cxd4 12. exd4 Nxe5 13. fxe5 h6 14. Nf3 Rc8 15.
h4 Ng3 16. Kh2 Nxh5 17. gxh5 f5 18. Kh3 Qe8 19. Rg1 Qxh5 20. Rg3 0-1

[Event "Ogolnopolski Integracyjny Turniej Szacho"]
[Site "Osrodek "]
[Date "2012.??.??"]
[Round "6.24"]
[White "Borkowski, Jozef"]
[Black "Ostrowski, Michal"]
[Result "0-1"]
[WhiteElo "1717"]
[BlackElo "1418"]
[PlyCount "54"]
[EventDate "2012.??.??"]

1. e4 Nc6 2. d4 e5 3. d5 Nce7 4. f4 Ng6 5. f5 Qh4+ 6. Kd2 Qf2+ 7. Qe2 Qd4+ 8.
Ke1 Nf4 9. Bxf4 Qxb2 10. Bxe5 Qc1+ 11. Kf2 Bc5+ 12. Kf3 d6 13. Bxg7 f6 14. Nd2
Qxa1 15. Bxh8 Qc3+ 16. Qd3 Qe5 17. Nb3 Bb6 18. g4 Bd7 19. g5 O-O-O 20. gxf6 Nh6
21. Bg7 Nf7 22. Ne2 Ng5+ 23. Kg2 Nxe4 24. Ng3 Bxf5 25. Nxf5 Qxf5 26. Qf3 Qg6+
27. Kh3 Ng5+ 0-1

[Event "Ogolnopolski Integracyjny Turniej Szacho"]
[Site "Osrodek "]
[Date "2012.??.??"]
[Round "6.26"]
[White "Tomczyk, Ryszard"]
[Black "Kolcz, Jozef"]
[Result "1-0"]
[WhiteElo "1431"]
[BlackElo "1629"]
[PlyCount "96"]
[EventDate "2012.??.??"]

1. e4 g6 2. Bc4 e6 3. Nc3 c6 4. d4 a5 5. a3 b5 6. Ba2 Bb7 7. Nf3 Bh6 8. Bxh6
Nxh6 9. Qd2 Ng8 10. Ne2 Qe7 11. O-O-O d5 12. exd5 cxd5 13. Rde1 Nd7 14. h3 h6
15. g4 Ngf6 16. Ng3 Nb6 17. Ne5 g5 18. Qd3 Ba6 19. Nc6 Qc7 20. Nxa5 b4 21. Qf3
Qf4+ 22. Qxf4 gxf4 23. Ne2 f3 24. Ng1 bxa3 25. b4 Bc4 26. Nxc4 Nxc4 27. Bxc4
dxc4 28. c3 Nd5 29. Kc2 Kd7 30. Nxf3 a2 31. Ne5+ Kc7 32. Nxc4 Ra4 33. Kb3 Rha8
34. Ra1 R8a6 35. Rhd1 f6 36. Rd2 Kc6 37. Na5+ R6xa5 38. bxa5 Rxa5 39. Rdxa2
Rxa2 40. Rxa2 Nf4 41. h4 Ng2 42. h5 e5 43. Ra6+ Kd5 44. Rxf6 exd4 45. cxd4 Kxd4
46. Rxh6 Ke4 47. Rf6 Ke5 48. g5 Nf4 1-0

[Event "Ogolnopolski Integracyjny Turniej Szacho"]
[Site "Osrodek "]
[Date "2012.??.??"]
[Round "6.28"]
[White "Szynwelski, Ryszard"]
[Black "Jagiello, Adolf"]
[Result "1-0"]
[WhiteElo "1414"]
[BlackElo "1459"]
[PlyCount "38"]
[EventDate "2012.??.??"]

1. e4 e5 2. c3 Nf6 3. Qe2 d6 4. d4 Be7 5. Nd2 h6 6. Ngf3 Bg4 7. h3 Bxf3 8. Nxf3
Nfd7 9. Be3 Bf6 10. Qd2 a6 11. Bc4 O-O 12. Rd1 c6 13. Qc2 c5 14. Bd3 Qe7 15. h4
Nb6 16. Qd2 N8d7 17. Ke2 c4 18. Bc2 d5 19. exd5 exd4 1-0

[Event "Ogolnopolski Integracyjny Turniej Szacho"]
[Site "Osrodek "]
[Date "2012.??.??"]
[Round "6.29"]
[White "Juraszewski, Mieczyslaw"]
[Black "Rafalski, Krzysztof"]
[Result "0-1"]
[WhiteElo "1726"]
[BlackElo "1667"]
[PlyCount "44"]
[EventDate "2012.??.??"]

1. d4 b6 2. e4 Bb7 3. Bd3 g6 4. Nf3 Bg7 5. O-O Nf6 6. e5 Nd5 7. Nc3 d6 8. Bc4
Nxc3 9. bxc3 dxe5 10. Nxe5 O-O 11. Qe2 Qd6 12. f4 a6 13. a4 Nd7 14. Ba3 c5 15.
Rad1 Nxe5 16. fxe5 Qc7 17. Qf2 e6 18. Bd3 Qc6 19. dxc5 bxc5 20. Bxc5 Rfc8 21.
Qxf7+ Kh8 22. Qf2 Qxc5 0-1

[Event "Ogolnopolski Integracyjny Turniej Szacho"]
[Site "Osrodek "]
[Date "2012.??.??"]
[Round "6.30"]
[White "Pilecki, Jozef"]
[Black "Woronowicz, Zbigniew"]
[Result "0-1"]
[WhiteElo "1416"]
[BlackElo "1554"]
[PlyCount "50"]
[EventDate "2012.??.??"]

1. e4 c5 2. Nc3 a6 3. Nf3 Nc6 4. Bc4 e6 5. a3 d6 6. d4 cxd4 7. Nxd4 Ne5 8. Ba2
Nf6 9. Bf4 Ng6 10. Nf3 Nxf4 11. e5 N6d5 12. Nxd5 Nxd5 13. Bxd5 exd5 14. Qxd5
Rb8 15. O-O Be6 16. Qd4 d5 17. Rae1 Be7 18. b4 b5 19. Qc3 Rc8 20. Qd3 O-O 21.
Nd4 Qc7 22. Rc1 Qc3 23. Ra1 Qxd3 24. cxd3 Rc3 25. Nxe6 fxe6 0-1

[Event "Ogolnopolski Integracyjny Turniej Szacho"]
[Site "Osrodek "]
[Date "2012.??.??"]
[Round "7.1"]
[White "Kiedrowicz, Jan"]
[Black "Krawcewicz, Lucyna"]
[Result "1-0"]
[WhiteElo "2298"]
[BlackElo "1948"]
[PlyCount "79"]
[EventDate "2012.??.??"]

1. e4 e6 2. d4 d5 3. Nd2 Nf6 4. e5 Nfd7 5. Bd3 c5 6. c3 Nc6 7. Ne2 Qb6 8. Nf3
cxd4 9. cxd4 Be7 10. O-O f5 11. exf6 Nxf6 12. Re1 O-O 13. Nf4 Nd8 14. Ne5 Bd6
15. Nh5 Bxe5 16. Rxe5 g6 17. Nxf6+ Rxf6 18. Bg5 Rf7 19. Bxd8 Qxd8 20. Qd2 Qb6
21. Bf1 Bd7 22. g3 Raf8 23. f4 Rc8 24. h4 Qc6 25. Bd3 Qb6 26. Qf2 Rf6 27. Rae1
Kg7 28. h5 a6 29. Rg5 h6 30. Rxg6+ Rxg6 31. hxg6 Rf8 32. Qe3 Kg8 33. Re2 Bc8
34. Rc2 Bd7 35. Kh2 Be8 36. Qe5 Bd7 37. b3 Rc8 38. Rxc8+ Bxc8 39. f5 exf5 40.
Qe8+ 1-0

[Event "Ogolnopolski Integracyjny Turniej Szacho"]
[Site "Osrodek "]
[Date "2012.??.??"]
[Round "7.2"]
[White "Bakalarz, Leszek"]
[Black "Wojcieszyn, Jacenty"]
[Result "0-1"]
[WhiteElo "2161"]
[BlackElo "2240"]
[PlyCount "74"]
[EventDate "2012.??.??"]

1. e4 c5 2. Nf3 d6 3. d4 cxd4 4. Nxd4 Nf6 5. Nc3 g6 6. Be3 Bg7 7. f3 O-O 8. Qd2
Nc6 9. O-O-O Nxd4 10. Bxd4 Be6 11. Kb1 Qc7 12. g4 Rfc8 13. h4 Qa5 14. a3 Rab8
15. h5 b5 16. h6 b4 17. Nb5 Bh8 18. Qxb4 Qxb4 19. axb4 a6 20. Na7 Rc7 21. b5
axb5 22. Nxb5 Rcb7 23. c4 Nd7 24. Bxh8 Kxh8 25. b3 Nc5 26. Rh2 Nxb3 27. Ra2 f6
28. Kb2 Nc5 29. Rda1 Kg8 30. Ra8 Rxa8 31. Rxa8+ Kf7 32. Kc3 g5 33. Bd3 Kg6 34.
Bc2 Kxh6 35. e5 fxe5 36. Rh8 e4 37. fxe4 Kg7 0-1

[Event "Ogolnopolski Integracyjny Turniej Szacho"]
[Site "Osrodek "]
[Date "2012.??.??"]
[Round "7.3"]
[White "Wojcieszyn, Zdzislaw"]
[Black "Strojek, Kazimierz"]
[Result "1-0"]
[WhiteElo "1958"]
[BlackElo "1737"]
[PlyCount "58"]
[EventDate "2012.??.??"]

1. c4 Nf6 2. Nc3 g6 3. Nf3 Bg7 4. g3 O-O 5. Bg2 d6 6. O-O c6 7. d4 Bf5 8. Nh4
Bg4 9. h3 Bd7 10. Be3 Na6 11. Qd2 Qa5 12. a3 Qd8 13. Bh6 Nc7 14. Bxg7 Kxg7 15.
f4 h6 16. e4 d5 17. e5 Ne4 18. Nxe4 dxe4 19. Kh2 Bf5 20. Rad1 e6 21. Qe1 g5 22.
fxg5 Qxg5 23. Bxe4 Bxe4 24. Qxe4 f5 25. exf6+ Rxf6 26. Rf4 Rxf4 27. Qxf4 Qxf4
28. gxf4 Rd8 29. Nf3 c5 1-0

[Event "Ogolnopolski Integracyjny Turniej Szacho"]
[Site "Osrodek "]
[Date "2012.??.??"]
[Round "7.4"]
[White "Relidzynski, Tadeusz"]
[Black "Pioch, Zygmunt"]
[Result "0-1"]
[WhiteElo "1913"]
[BlackElo "2120"]
[PlyCount "64"]
[EventDate "2012.??.??"]

1. e4 e5 2. Nf3 Nc6 3. Bb5 a6 4. Ba4 Nf6 5. O-O Be7 6. Re1 b5 7. Bb3 d6 8. c3
O-O 9. h3 Qd7 10. d4 Re8 11. Nbd2 Bf8 12. Bc2 Bb7 13. Nf1 exd4 14. cxd4 Nb4 15.
Ng3 Nxc2 16. Qxc2 h6 17. Bd2 c5 18. dxc5 dxc5 19. Bc3 Qe6 20. Bxf6 Qxf6 21. e5
Qe6 22. Ne4 Rad8 23. Nxc5 Bxc5 24. Qxc5 Bxf3 25. gxf3 Qxh3 26. Re4 Qxf3 27. Qe3
Qh5 28. Re1 Re6 29. a4 bxa4 30. Rxa4 Rg6+ 31. Kf1 Rd1 32. Re4 Qh1+ 0-1

[Event "Ogolnopolski Integracyjny Turniej Szacho"]
[Site "Osrodek "]
[Date "2012.??.??"]
[Round "7.5"]
[White "Zinczuk, Leon"]
[Black "Szczepaniec, Stanislaw"]
[Result "1-0"]
[WhiteElo "1907"]
[BlackElo "2052"]
[PlyCount "65"]
[EventDate "2012.??.??"]

1. e4 c5 2. Nf3 Nc6 3. d4 cxd4 4. Nxd4 Nf6 5. Nc3 e5 6. Ndb5 d6 7. Bg5 a6 8.
Bxf6 gxf6 9. Na3 b5 10. Nd5 f5 11. exf5 Bxf5 12. c3 Bg7 13. Nc2 Be6 14. Nce3
O-O 15. Bd3 f5 16. Qh5 e4 17. Bc2 Ne5 18. Nf4 Bf7 19. Qxf5 Bd5 20. Qh3 Rxf4 21.
Nxd5 Rh4 22. Qe6+ Kh8 23. O-O-O Qf8 24. Ne3 Re8 25. Qxd6 Qxf2 26. Nd5 Rh6 27.
Qc7 Rc6 28. Qb7 Rce6 29. Rhf1 Qxg2 30. Rg1 Bh6+ 31. Kb1 Qe2 32. Rge1 Qg4 33.
Rxe4 1-0

[Event "Ogolnopolski Integracyjny Turniej Szacho"]
[Site "Osrodek "]
[Date "2012.??.??"]
[Round "7.6"]
[White "Wodas, Pawel"]
[Black "Krasowski, Slawomir"]
[Result "0-1"]
[WhiteElo "1898"]
[BlackElo "1999"]
[PlyCount "109"]
[EventDate "2012.??.??"]

1. b3 e5 2. Bb2 Nc6 3. c4 d6 4. e3 Bf5 5. a3 Nf6 6. d3 g6 7. Nf3 Bg7 8. Nc3 O-O
9. Qc2 Re8 10. Be2 a6 11. O-O e4 12. dxe4 Nxe4 13. Bd3 Qf6 14. Nd1 Qe7 15. Nd4
Bd7 16. Bxe4 Qxe4 17. Qxe4 Rxe4 18. Nc3 Ree8 19. Nd5 Rac8 20. Nxc6 Bxc6 21.
Bxg7 Kxg7 22. Rfd1 Re5 23. Rac1 f5 24. Rd4 Kf7 25. Rc3 h6 26. f3 g5 27. Kf2 a5
28. g3 Bxd5 29. cxd5 Ke8 30. f4 Re7 31. h3 Kd7 32. Kf3 c5 33. dxc6+ bxc6 34. g4
fxg4+ 35. hxg4 Rf8 36. Ra4 gxf4 37. exf4 Re5 38. Kg3 Rd5 39. f5 h5 40. Rf4 Rg8
41. Rcf3 Rd1 42. f6 Rg1+ 43. Kh4 hxg4 44. f7 gxf3 45. fxg8=Q Rxg8 46. Rxf3 c5
47. Rf7+ Kc6 48. Ra7 Rb8 49. Rxa5 Rxb3 50. Kg4 Kd5 51. Kf4 Kd4 52. Ra4+ c4 53.
Kf5 Re3 54. Kf4 Re7 55. Rb4 0-1

[Event "Ogolnopolski Integracyjny Turniej Szacho"]
[Site "Osrodek "]
[Date "2012.??.??"]
[Round "7.7"]
[White "Miozga, Tomasz"]
[Black "Jelen, Janusz"]
[Result "1-0"]
[WhiteElo "1863"]
[BlackElo "1991"]
[PlyCount "97"]
[EventDate "2012.??.??"]

1. c4 c5 2. Nc3 Nc6 3. e3 e6 4. d4 cxd4 5. exd4 d5 6. cxd5 exd5 7. Nf3 Nf6 8.
Bg5 Be7 9. Be2 O-O 10. O-O Be6 11. Rc1 h6 12. Bh4 Rc8 13. a3 Ne4 14. Bxe7 Nxe7
15. Qb3 Rb8 16. Rfd1 f5 17. Ne5 Nc6 18. f3 Nf6 19. Nxc6 bxc6 20. Qc2 Bd7 21.
Na4 Nh7 22. Nc5 Rb6 23. b4 Rf6 24. Bd3 Bc8 25. Re1 Nf8 26. Re2 Rf7 27. Rce1 Qf6
28. Qc3 Bd7 29. Re5 g6 30. Qd2 Kg7 31. Qe3 Rb8 32. Nxd7 Rxd7 33. Re7+ Kg8 34.
Rxd7 Nxd7 35. Qe6+ Qf7 36. Qxc6 Rb6 37. Qc8+ Nf8 38. Re5 Rb7 39. Qc5 Nd7 40.
Qc8+ Nf8 41. Rxd5 Rc7 42. Qd8 Kg7 43. Re5 Rd7 44. Qe8 Qb3 45. Re7+ Rxe7 46.
Qxe7+ Kg8 47. Qe2 Kg7 48. Bc4 Qb1+ 49. Kf2 1-0

[Event "Ogolnopolski Integracyjny Turniej Szacho"]
[Site "Osrodek "]
[Date "2012.??.??"]
[Round "7.8"]
[White "Staruch, Roman"]
[Black "Rogalski, Krzysztof"]
[Result "1-0"]
[WhiteElo "1957"]
[BlackElo "1854"]
[PlyCount "31"]
[EventDate "2012.??.??"]

1. e4 c5 2. Nf3 e6 3. c3 d5 4. e5 Nc6 5. d4 Qb6 6. Bd3 cxd4 7. cxd4 Bb4+ 8. Nc3
Bd7 9. O-O Nxd4 10. Nxd4 Qxd4 11. Nb5 Qxe5 12. Qg4 Ba5 13. Bf4 Nh6 14. Qg3 Qf6
15. Nd6+ Kf8 16. Be5 1-0